000 00462nam a2200145Ia 4500
003 GCL
008 140319s9999 xx 000 0 ara d
040 _aGCL /
_cGCL
082 0 4 _a822.043
_bش م
100 1 _aخليل مطران
245 1 0 _aمكبث (هدية من الاديب عبدالفتاح الجمل) /
_cخليل مطران
700 1 _aشكسبير، ويليام
300 _a110 ص
490 _aالهيئة العامة للاستعلامات
_v0
999 _c47577
_d47577